000 00246nam a22001097a 4500
041 _aENG
245 _aGuidelines For Fixing Intensity Of Irrigation
260 _aNew Delhi
_bBIS
_c1993
300 _a02
650 _aBIS Code
856 _uBIS Code
999 _c2124
_d2124